000 00489nam a2200181Ia 4500
003 GCL
008 140319s9999 xx 000 0 ara d
040 _aGCL /
_cGCL
082 0 4 _a792
_bر ا
100 1 _aمصطفى ماهر
_vAnnotator
_@
…علق
245 1 0 _aايفجينى /
_cمصطفى ماهر
700 1 _aراسين
300 _a92 ص
490 _aالالف كتاب
_v0
650 0 4 _aالادب الفرنسى
650 0 4 _aالمسرحيات
942 _2ddc
_cBK
999 _c43717
_d43717